<?xml version='1.0' encoding='UTF-8'?>
  <record xmlns="http://www.loc.gov/MARC21/slim">
    <leader>00000ctm a22000007a 4500</leader>
    <controlfield tag="001">ocn965405174</controlfield>
    <controlfield tag="003">OCoLC</controlfield>
    <controlfield tag="005">20241208042303.2</controlfield>
    <controlfield tag="008">150414q14201430be            000 0 dum d</controlfield>
    <datafield tag="040" ind1=" " ind2=" ">
      <subfield code="a">QGJ</subfield>
      <subfield code="b">dut</subfield>
      <subfield code="c">QGJ</subfield>
      <subfield code="d">OCLCL</subfield>
      <subfield code="d">OCLCQ</subfield>
    </datafield>
    <datafield tag="035" ind1=" " ind2=" ">
      <subfield code="a">(OCoLC)965405174</subfield>
    </datafield>
    <datafield tag="041" ind1="1" ind2=" ">
      <subfield code="a">dum</subfield>
      <subfield code="h">lat</subfield>
    </datafield>
    <datafield tag="100" ind1="0" ind2=" ">
      <subfield code="a">Guido de Cauliaco</subfield>
      <subfield code="e">author.</subfield>
      <subfield code="4">aut</subfield>
    </datafield>
    <datafield tag="240" ind1="1" ind2="0">
      <subfield code="a">Chirurgia magna.</subfield>
      <subfield code="l">Middle Dutch.</subfield>
    </datafield>
    <datafield tag="245" ind1="1" ind2="0">
      <subfield code="a">Cyrurgie /</subfield>
      <subfield code="c">Guido de Cauliaco</subfield>
      <subfield code="f">UBU Hs. 1356 (hs 5 C 14).</subfield>
    </datafield>
    <datafield tag="260" ind1=" " ind2=" ">
      <subfield code="a">[Southern Netherlands],</subfield>
      <subfield code="c">[c. 1420-1430]</subfield>
    </datafield>
    <datafield tag="300" ind1=" " ind2=" ">
      <subfield code="a">279 fols. :</subfield>
      <subfield code="b">drawings ;</subfield>
      <subfield code="c">292 x 210 mm.</subfield>
    </datafield>
    <datafield tag="336" ind1=" " ind2=" ">
      <subfield code="a">text</subfield>
      <subfield code="b">txt</subfield>
      <subfield code="2">rdacontent</subfield>
    </datafield>
    <datafield tag="337" ind1=" " ind2=" ">
      <subfield code="a">unmediated</subfield>
      <subfield code="b">n</subfield>
      <subfield code="2">rdamedia</subfield>
    </datafield>
    <datafield tag="338" ind1=" " ind2=" ">
      <subfield code="a">volume</subfield>
      <subfield code="b">nc</subfield>
      <subfield code="2">rdacarrier</subfield>
    </datafield>
    <datafield tag="340" ind1=" " ind2=" ">
      <subfield code="a">paper</subfield>
      <subfield code="k">2 columns, c. 40 lines, littera cursiva (C)</subfield>
    </datafield>
    <datafield tag="500" ind1=" " ind2=" ">
      <subfield code="a">Preliminary title.</subfield>
    </datafield>
    <datafield tag="500" ind1=" " ind2=" ">
      <subfield code="a">The beginning and end are missing.</subfield>
    </datafield>
    <datafield tag="500" ind1=" " ind2=" ">
      <subfield code="a">Contains glosses.</subfield>
    </datafield>
    <datafield tag="500" ind1=" " ind2=" ">
      <subfield code="a">Localisation based on the style of the decoration.</subfield>
    </datafield>
    <datafield tag="546" ind1=" " ind2=" ">
      <subfield code="a">Translated from the Latin.</subfield>
    </datafield>
    <datafield tag="561" ind1=" " ind2=" ">
      <subfield code="a">According to database BNM owned by the Canonesses Regular of St. Agnes, Maaseik.</subfield>
    </datafield>
    <datafield tag="561" ind1=" " ind2=" ">
      <subfield code="a">Confiscated c. 1794 by the French occupying forces in Limburg and rediscovered in Maastricht in 1839, acquired as part of the collection Maastricht.</subfield>
    </datafield>
    <datafield tag="524" ind1=" " ind2=" ">
      <subfield code="a">Cite as: Universiteitsbibliotheek Utrecht Hs. 1356 (hs 5 C 14).</subfield>
    </datafield>
    <datafield tag="581" ind1=" " ind2=" ">
      <subfield code="a">P.A. Tiele, Catalogus codicum manu scriptorum Bibliothecae Universitatis Rheno-Trajectinae. I. Trajecti ad Rhenum / Hagae Comitis 1887. P. 323.</subfield>
    </datafield>
    <datafield tag="581" ind1=" " ind2=" ">
      <subfield code="a">J. Deschamps, 'Handschriften uit het Sint-Agnes-klooster te Maaseik', in: Album Dr. M. Bussels. Hasselt 1967, p. 167-194. P. 194.</subfield>
    </datafield>
    <datafield tag="581" ind1=" " ind2=" ">
      <subfield code="a">R. Jansen-Sieben, 'Middelnederlandse vakliteratuur', in: Fachprosaforschung. Acht Vorträge zur mittelalterlichen Artesliteratur. Hrsg. von G. Keil &amp; P. Assion. Berlin 1974, p. 24-69. P. 46.</subfield>
    </datafield>
    <datafield tag="581" ind1=" " ind2=" ">
      <subfield code="a">M.E.J. Rappoldt, Universiteitsbibliotheek Utrecht, hs. 1356, de Middelnederlandse vertaling van de Cyrurgie van Guido de Cauliaco, ca. 1426. [Beschrijving]. Scriptie Utrecht 1984.</subfield>
    </datafield>
    <datafield tag="581" ind1=" " ind2=" ">
      <subfield code="a">M.J. Grapperhaus &amp; J.C.M. Korenhof, 'Cijrurgie es …'. Tekstuitgave en analyse van twee hoofdstukken uit twee 15e eeuwse middelnederlandse vertalingen van de 'Chirurgia magna' van Guy de Chauliac. Scriptie VU Amsterdam. Amsterdam 1986.</subfield>
    </datafield>
    <datafield tag="581" ind1=" " ind2=" ">
      <subfield code="a">J.M.M. Hermans, 'Elf kisten boeken uit het gouvernementsgebouw te Maastricht. Lotgevallen van de Limburgse handschriften en oude drukken, gevonden in 1839', in: Miscellanea Neerlandica. Opstellen voor Dr. Jan Deschamps ter gelegenheid van zijn zeventigste verjaardag, I. Onder red. van E. Cockx-Indestege &amp; F. Hendrickx. Leuven 1987, p. 105-143. P. 119, 121-123, 133.</subfield>
    </datafield>
    <datafield tag="581" ind1=" " ind2=" ">
      <subfield code="a">Guido de Cauliaco, Lepra dats lazerie. Hoofdstuk twee van tractaat zes van de Chirurgia magna van Guy de Chauliac. Diplomatische- en kritische editie naar het middelnederlandse Hs. 5 C 14 (15e eeuw) uit de Rijksuniversiteit te Utrecht. [Uitg.] door Saskia Wouters. Doctoraalscriptie VU Amsterdam 1988.</subfield>
    </datafield>
    <datafield tag="581" ind1=" " ind2=" ">
      <subfield code="a">K. van der Horst, Illuminated and decorated medieval manuscripts in the University Library, Utrecht. An illustrated catalogue. Maarssen / 's-Gravenhage 1989. P. 38 nr. 139, afb. 602-603.</subfield>
    </datafield>
    <datafield tag="581" ind1=" " ind2=" ">
      <subfield code="a">R. Jansen-Sieben, Repertorium van de middelnederlandse artes-literatuur. Utrecht 1989. P. 467 (U300).</subfield>
    </datafield>
    <datafield tag="581" ind1=" " ind2=" ">
      <subfield code="a">K. Stooker &amp; Th. Verbeij, Collecties op orde. Middelnederlandse handschriften uit kloosters en semi-religieuze gemeenschappen in de Nederlanden. 2 dln. Leuven 1997. (= Miscellanea Neerlandica 16). I, p. 272.</subfield>
    </datafield>
    <datafield tag="581" ind1=" " ind2=" ">
      <subfield code="a">W. van Dijk, Handschriften bij de Hepperpoort. Omvang en doel van de schrijfactiviteiten van de eerste kopiiste van het Sint-Agnesklooster te Maaseik. Doctoraalscriptie Leiden. Hazerswoude-Rijndijk 2004. P. 58.</subfield>
    </datafield>
    <datafield tag="581" ind1=" " ind2=" ">
      <subfield code="a">H. Tervooren, Van der Masen tot op den Rijn. Ein Handbuch zur Geschichte der mittelalterlichen volkssprachlichen Literatur im Raum von Rhein und Maas. Berlin 2006. P. 83.</subfield>
    </datafield>
    <datafield tag="581" ind1=" " ind2=" ">
      <subfield code="a">E. Huizenga, 'Cutting and writing. Medieval Dutch surgeons and their books', in: Manuscript studies in the Low Countries. Proceedings of the ""Groninger Codicologendagen"" in Friesland, 2002. Ed. By A.M.W. As-Vijvers, J.M.M. Hermans &amp; G.C. Huisman. Groningen/Leeuwarden 2008, p. 81-102. (= Boekhistorische reeks 3). P. 86, 88, p. 93 n. 39, afb. op p. 87 (fol. 134v.).</subfield>
    </datafield>
    <datafield tag="581" ind1=" " ind2=" ">
      <subfield code="a">The surviving manuscripts and incunables from medieval Belgian libraries. Brussel 2009 (= Corpus catalogorum Belgii. The medieval booklists of the southern Low Countries 7) p. 250 nr. 3300.</subfield>
    </datafield>
    <datafield tag="655" ind1=" " ind2="7">
      <subfield code="a">Handschriften (vorm)</subfield>
      <subfield code="0">088143309</subfield>
      <subfield code="2">gtt</subfield>
    </datafield>
    <datafield tag="710" ind1="2" ind2=" ">
      <subfield code="a">Gouvernementsgebouw (Maastricht)</subfield>
      <subfield code="e">former owner.</subfield>
      <subfield code="4">fmo</subfield>
      <subfield code="5">NL-UtRU</subfield>
    </datafield>
    <datafield tag="710" ind1="2" ind2=" ">
      <subfield code="a">Klooster der Reguliere zuster van S. Agneta (Maaseik),</subfield>
      <subfield code="e">former owner.</subfield>
      <subfield code="4">fmo</subfield>
      <subfield code="5">NL-UtRU</subfield>
    </datafield>
    <datafield tag="758" ind1=" " ind2=" ">
      <subfield code="a">UBU Hs. 1356 (hs 5 C 14) Cyrurgie (Text)</subfield>
      <subfield code="1">https://id.oclc.org/worldcat/entity/E39PCXWfH9TDFfqymjwmFpCmh3</subfield>
      <subfield code="4">https://id.oclc.org/worldcat/ontology/hasWork</subfield>
    </datafield>
    <datafield tag="856" ind1="4" ind2="1">
      <subfield code="u">http://objects.library.uu.nl/reader/resolver.php?obj=002657051&amp;type=2</subfield>
      <subfield code="x">Online</subfield>
      <subfield code="z">Full Text</subfield>
    </datafield>
    <datafield tag="936" ind1=" " ind2=" ">
      <subfield code="a">BATCHLOAD</subfield>
    </datafield>
  </record>